Attitude : (Record no. 63916)

MARC details
000 -LEADER
fixed length control field 00588nam a22001577a 4500
005 - DATE AND TIME OF LATEST TRANSACTION
control field 20120309155227.0
020 ## - INTERNATIONAL STANDARD BOOK NUMBER
International Standard Book Number 8122402593
Terms of availability 00.00
035 ## - SYSTEM CONTROL NUMBER
System control number A-447428
037 ## - SOURCE OF ACQUISITION
Stock number DPL
Source of stock number/acquisition ENG
100 ## - MAIN ENTRY--PERSONAL NAME
Personal name Mohsin, S.M.
245 ## - TITLE STATEMENT
Title Attitude :
Remainder of title Concept, formation and change /
Statement of responsibility, etc by S.M. Mohsin
260 ## - PUBLICATION, DISTRIBUTION, ETC. (IMPRINT)
Place of publication, distribution, etc New Delhi
Name of publisher, distributor, etc Wiley Eastern Limited
Date of publication, distribution, etc 1990
300 ## - PHYSICAL DESCRIPTION
Extent vii, 163p.
Dimensions 20 cms.
942 ## - ADDED ENTRY ELEMENTS (KOHA)
Source of classification or shelving scheme Dewey Decimal Classification
Item type English Books
Classification part 152.4
Call number suffix MOH
Holdings
Withdrawn status Lost status Not for loan Collection code Home library Current library Date acquired Cost, normal purchase price Full call number Barcode Cost, replacement price Koha item type
      Non-fiction Sarojini Nagar Sarojini Nagar 09/03/2012 0.00 152.4 MOH A-447428 0.00 English Books

© Delhi Public Library
Hit Counter
free hit counter